000 00481nam a2200193Ia 4500
005 20250423100036.0
008 250422s9999 xx 000 0 und d
020 _a0743205308
050 _aLB 2367.4 .K37/
100 _aKaplan
245 0 _aLSAT
250 _a5th ed.
260 _aNew York
260 _bSimon & Schuster
260 _c1988
300 _a494 p
650 _aLaw School Admission Test--Study guides. Law schools--United States--Admission.
942 _cBK
999 _c32108
_d32108